Impact of regulation on medical device producers monograph
Salvato in:
| Autore principale: | |
|---|---|
| Altri autori: | , , , |
| Natura: | Libro |
| Lingua: | inglese |
| Pubblicazione: |
Bratislava
KARTPRINT
2018
|
| Edizione: | 1st edition |
| Soggetti: | |
| Tags: |
Nessun Tag, puoi essere il primo ad aggiungerne!!
|
MARC
| LEADER | 00000nam a2200000 4500 | ||
|---|---|---|---|
| 001 | 0242349 | ||
| 005 | 20240502073936.8 | ||
| 020 | |a 978-80-89553-53-2 | ||
| 041 | 0 | |a eng | |
| 044 | |a SK | ||
| 245 | 1 | 0 | |a Impact of regulation on medical device producers |b monograph |c Michael Gschwandtner, Eleonora Fendeková ; recenzenti/Reviewers: Anita Romanová, Karol Achimský, Petr Fiala |
| 250 | |a 1st edition | ||
| 264 | 1 | |a Bratislava |b KARTPRINT |c 2018 | |
| 300 | |a 111 s. [5,6 AH] | ||
| 610 | 2 | 0 | |a zdravotníctvo |
| 610 | 2 | 0 | |a starostlivosť o zdravie |
| 610 | 2 | 0 | |a regulácia |
| 610 | 2 | 0 | |a normy ISO |
| 610 | 2 | 0 | |a bezpečnosť výrobkov |
| 100 | 1 | |a Gschwandtner, Michael | |
| 700 | 1 | |a Fendeková, Eleonora, 1952- | |
| 700 | 1 | |a Romanová, Anita, 1973- | |
| 700 | 1 | |a Achimský, Karol | |
| 700 | 1 | |a Fiala, Petr | |